Errores constructivos de Hidroituango (Registro nro. 313785)

Detalles MARC
000 -ENCABEZADO
Número de control [NR] 00914 a2200229 4500
005 - FECHA Y HORA DE LA ÚLTIMA TRANSACCIÓN
control field 20190726050118.0
008 - DE LONGITUD FIJA DE DATOS DE ELEMENTOS - INFORMACIÓN GENERAL
Elementos de longitud fija [NR] 190726s2018 ck ||||| |||| 00| 0 spa d
040 ## - FUENTE DE CATALOGACION [NR]
Agencia de catalogación original [NR] CO-BoUCM
Idioma de catalogación [NR] spa
Quien Cataloga Saul Niño
Quien Clasifica Saul Niño
041 0# - CODIGO DE IDIOMA [R]
Código de idioma para texto/pista de sonido o título separado [R] Español
100 10 - ASIENTO PRINCIPAL--NOMBRE PERSONAL [NR]
Nombre personal [NR] Pérez Gutiérrez, Luis Emilio
Fechas asociadas con el nombre [NR] 1951
ID Autoridad 97807
245 10 - MENCION DE TITULO [NR]
Título [NR] Errores constructivos de Hidroituango
Mención de responsabilidad, etc. [NR] Luis Pérez Gutiérrez
260 ## - PUBLICACION, DISTRIBUCION, ETC. (PIE DE IMPRENTA) [R]
Lugar de publicación, distribución, etc. [R] Medellín
Nombre del editor, distribuidor, etc. [R] Gobernación de Antioquia
Fecha de publicación, distribución, etc. [R] 2018
300 ## - DESCRIPCION FISICA [R]
Extensión [R] 313 páginas
610 2# - ASIENTO SECUNDARIO DE MATERIA - NOMBRE CORPORATIVO [R]
Nombre corporativo o nombre de la jurisdicción como elemento de entrada [NR] Ituango (Antioquia)
Subdivisión general [R] Diseño y construcción
9 (RLIN) 97805
650 #0 - ASIENTO SECUNDARIO DE MATERIA - TERMINO TEMATICO [R]
9 (RLIN) 97803
Término temático o nombre geográfico como elemento de entrada [NR] Embalses
Subdivisión general [R] Planificación
650 #7 - ASIENTO SECUNDARIO DE MATERIA - TERMINO TEMATICO [R]
9 (RLIN) 10658
Término temático o nombre geográfico como elemento de entrada [NR] Centrales hidroeléctricas
Subdivisión general [R] Aspectos ambientales
650 #7 - ASIENTO SECUNDARIO DE MATERIA - TERMINO TEMATICO [R]
9 (RLIN) 10658
Término temático o nombre geográfico como elemento de entrada [NR] Centrales hidroeléctricas
Subdivisión general [R] Aspectos sociales
650 #7 - ASIENTO SECUNDARIO DE MATERIA - TERMINO TEMATICO [R]
Término temático o nombre geográfico como elemento de entrada [NR] Cuencas hidrográficas
Subdivisión geográfica [R] Colombia
9 (RLIN) 32224
650 #7 - ASIENTO SECUNDARIO DE MATERIA - TERMINO TEMATICO [R]
Término temático o nombre geográfico como elemento de entrada [NR] Ingeniería de proyectos
Subdivisión geográfica [R] Colombia
9 (RLIN) 17622
942 ## - ELEMENTOS DE ENTRADA AGREGADOS (KOHA)
Tipo de ítem principal el descrito en 300a Libro
Sistema de clasificación DEWEY
Tema principal Ciencias aplicadas
Edición 1
Clasificación 627.81
Parte restante de la signatura top. P944e
Existencias
Signatura topográfica Código de barras Última vez visto Ejemplar Costo de reposición Price effective from Tipo de ítem Perdido Sistema de clasificación Dañado No prestable Tipo de ítem específico Suprimido Ubicación habitual Ubicación actual Localización Fecha de creación Proveedor Forma de adquisición Costo
627.81 P944e 100161750 04/12/2025 Ej.1 26000.00 25/06/2019 Libro   DEWEY     Libro   Claustro Claustro 4to piso 25/06/2019 12 Donación 0.00